<?xml version="1.0" encoding="UTF-8"?><?xml-stylesheet type="text/xsl" href="static/style.xsl"?><OAI-PMH xmlns="http://www.openarchives.org/OAI/2.0/" xmlns:xsi="http://www.w3.org/2001/XMLSchema-instance" xsi:schemaLocation="http://www.openarchives.org/OAI/2.0/ http://www.openarchives.org/OAI/2.0/OAI-PMH.xsd"><responseDate>2026-04-17T06:35:01Z</responseDate><request verb="GetRecord" identifier="oai:www.recercat.cat:2099.1/18503" metadataPrefix="marc">https://recercat.cat/oai/request</request><GetRecord><record><header><identifier>oai:recercat.cat:2099.1/18503</identifier><datestamp>2025-07-22T18:53:25Z</datestamp><setSpec>com_2072_1033</setSpec><setSpec>col_2072_452951</setSpec></header><metadata><record xmlns="http://www.loc.gov/MARC21/slim" xmlns:dcterms="http://purl.org/dc/terms/" xmlns:xsi="http://www.w3.org/2001/XMLSchema-instance" xmlns:doc="http://www.lyncode.com/xoai" xsi:schemaLocation="http://www.loc.gov/MARC21/slim http://www.loc.gov/standards/marcxml/schema/MARC21slim.xsd">
   <leader>00925njm 22002777a 4500</leader>
   <datafield ind2=" " ind1=" " tag="042">
      <subfield code="a">dc</subfield>
   </datafield>
   <datafield ind2=" " ind1=" " tag="720">
      <subfield code="a">Canals Pou, Fernando</subfield>
      <subfield code="e">author</subfield>
   </datafield>
   <datafield ind2=" " ind1=" " tag="260">
      <subfield code="c">2012-11</subfield>
   </datafield>
   <datafield ind2=" " ind1=" " tag="520">
      <subfield code="a">El presente proyecto pretende mejorar el proceso de la obtención de los precios de&#xd;
determinados productos financieros por parte de una entidad bancaria. Con ello se espera&#xd;
acabar con los problemas y costes derivados del proceso actual.&#xd;
En primer lugar se realizará una pequeña introducción a los mercados financieros y&#xd;
los productos implicados en el proceso. También se explicará brevemente las funciones de&#xd;
los departamentos que participan en él actualmente y su papel en la obtención de los&#xd;
precios.&#xd;
A continuación se analizará el funcionamiento del sistema actual junto con sus&#xd;
problemas y el coste de estos. A partir de ahí se planteará de qué medios se disponen para&#xd;
desarrollar una alternativa que pueda evitar dichos problemas. La solución propuesta&#xd;
consistirá en una automatización del proceso, utilizando una serie de herramientas de&#xd;
consulta a la base de datos que tiene el programa de gestión de inversiones que utiliza el&#xd;
banco.&#xd;
Tras explicar el desarrollo de la solución, se demostrará que funciona y que acaba&#xd;
con los problemas que se tenían anteriormente. Además, se analizará su impacto ambiental&#xd;
y se realizará un presupuesto y estudio de su viabilidad. En éste último se verá como con&#xd;
una mínima inversión se puede conseguir un gran ahorro en distintos costes, siendo así un&#xd;
proyecto altamente rentable.</subfield>
   </datafield>
   <datafield tag="653" ind2=" " ind1=" ">
      <subfield code="a">Àrees temàtiques de la UPC::Economia i organització d'empreses::Comptabilitat i control financer</subfield>
   </datafield>
   <datafield tag="653" ind2=" " ind1=" ">
      <subfield code="a">Àrees temàtiques de la UPC::Informàtica::Sistemes d'informació::Bases de dades</subfield>
   </datafield>
   <datafield tag="653" ind2=" " ind1=" ">
      <subfield code="a">Capital market</subfield>
   </datafield>
   <datafield tag="653" ind2=" " ind1=" ">
      <subfield code="a">Bank investments -- Management</subfield>
   </datafield>
   <datafield tag="653" ind2=" " ind1=" ">
      <subfield code="a">Investment analysis</subfield>
   </datafield>
   <datafield tag="653" ind2=" " ind1=" ">
      <subfield code="a">Investments -- Data processing</subfield>
   </datafield>
   <datafield tag="653" ind2=" " ind1=" ">
      <subfield code="a">Mercats financers</subfield>
   </datafield>
   <datafield tag="653" ind2=" " ind1=" ">
      <subfield code="a">Inversions bancàries -- Gestió</subfield>
   </datafield>
   <datafield tag="653" ind2=" " ind1=" ">
      <subfield code="a">Anàlisi financera</subfield>
   </datafield>
   <datafield tag="653" ind2=" " ind1=" ">
      <subfield code="a">Inversions -- Automatització</subfield>
   </datafield>
   <datafield ind2="0" ind1="0" tag="245">
      <subfield code="a">Automatización de la obtención de los precios de cierre de productos financieros en una entidad bancaria</subfield>
   </datafield>
</record></metadata></record></GetRecord></OAI-PMH>